000 00593nam a2200193Ia 4500
003 GCL
008 140319s9999 xx 000 0 ara d
040 _aGCL /
_cGCL
082 0 4 _a213
_bع ب
100 1 _aعبدالحليم حنفى
245 1 0 _aبين الدين والحياة فى رحلة قطار /
_cعبدالحليم حنفى
260 _a[S.N] :
_bالهيئة المصرية العامة للكتاب ،
_c1994
300 _a235 ص
490 _a
650 0 4 _aالاسلام
650 0 4 _aالديانات
650 0 4 _aالدعوة الاسلامية
942 _2ddc
_cBK
999 _c29894
_d29894